Entreprise la plus connue par département - Statistiques

Statistiques générales
  • Ce quiz a été pris 109 fois
  • Le résultat moyen est 4 sur 10
Statistiques - réponses
Département Secteur d'activité Réponse % Correct
Haute-Garonne (31) Aéronautique Airbus
83%
Nord (59) Bricolage Leroy Merlin
67%
Paris (75) Mode Louis Vuitton
58%
Finistère (29) Supermarché Leclerc
56%
Puy-de-Dôme (63) Matériel automobile Michelin
47%
Bouches-du-Rhône (13) Alcool Pernot-Ricard
26%
Gironde (33) E-commerce Cdiscount
23%
Bas-Rhin (67) Banque Crédit Mutuel
22%
Ille-et-Vilaine (35) Cosmétique Yves Rocher
20%
Seine Maritime (76) Mutuelle et Assurance Matmut
6%
Aucun quiz correspondant
Distribution des résultats
% des personnes avec chaque résultat
Percentile par nombre de réponses
Votre historique - résultats
Vous n’avez pas pris ce quiz